Bob Marley Songs - Sudden Death - Statistics

General Stats
  • This quiz has been taken 424 times
    261 since last reset
  • The average score is 9 of 20
Answers on the Grid
Answers color-coded by a green-red scale on the quiz's grid according to % correct below.
Three Little Birds
One Love
No Lie
Marcus Garvey
No Woman, No Cry
Could You Be Loved
Solid As a Rock
Is This Love
Buffalo Soldier
Get Busy
Slave Mill
Champion
Get Up, Stand Up
Seasons
War
Strength of a Woman
Jamming
Waiting in Vain
Road to Zion
I Shot the Sheriff
Ballroom Floor
Night Nurse
Exodus
Hills and Valleys
Rat Race
Like Glue
Zimbabwe
Satisfy My Soul
Medication
Welcome to Jamrock
It Was Written
Kaya
Concrete Jungle
Leaders
Sun Is Shining
Land of Promise
My Generation
Who the Cap Fit
Trenchtown Rock
 
Answer Stats
Answer % Correct
Three Little Birds
79%
No Woman, No Cry
74%
One Love
72%
Buffalo Soldier
70%
Is This Love
65%
Jamming
65%
Could You Be Loved
64%
Get Up, Stand Up
61%
I Shot the Sheriff
55%
Exodus
44%
Waiting in Vain
43%
Sun Is Shining
40%
Satisfy My Soul
39%
Concrete Jungle
28%
War
26%
Zimbabwe
21%
Kaya
19%
Rat Race
18%
Trenchtown Rock
18%
Who the Cap Fit
15%
No matching quizzes found
Score Distribution
Percent of People with Each Score
Percentile by Number Answered
Your Score History
You have not taken this quiz since the last reset